Statistics for NHL Arenas

Click here to take the quiz!

General Stats

  • This quiz has been taken 2,274 times
    (2,272 since last reset)
  • The average score is 11 of 30

Answer Stats

HintAnswer% Correct
New York RangersMadison Square Garden
77%
Boston BruinsTD Garden
77%
Los Angeles KingsStaples Center
64%
Montreal CanadiensBell Centre
60%
Anaheim DucksHonda Center
59%
Detroit Red WingsJoe Louis Arena
56%
Chicago BlackhawksUnited Center
56%
Colorado AvalanchePepsi Center
55%
Toronto Maple LeafsAir Canada Centre
52%
Calgary FlamesScotiabank Saddledome
49%
Dallas StarsAmerican Airlines Center
48%
Vancouver CanucksRogers Arena
44%
Washington CapitalsVerizon Center
41%
Philadelphia FlyersWells Fargo Center
38%
New Jersey DevilsPrudential Center
36%
Edmonton OilersRexall Place
35%
Nashville PredatorsBridgestone Arena
34%
Columbus Blue JacketsNationwide Arena
28%
Carolina HurricanesPNC Arena
27%
Minnesota WildXcel Energy Center
27%
Pittsburgh PenguinsConsol Energy Center
26%
Winnipeg JetsMTS Centre
25%
San Jose SharksHP Pavilion at San Jose
24%
New York IslandersNassau Veterans Memorial Coliseum
22%
Buffalo SabresFirst Niagara Center
18%
Phoenix CoyotesJobing.com Arena
18%
St. Louis BluesScottrade Center
18%
Ottawa SenatorsScotiabank Place
14%
Tampa Bay LightningTampa Bay Times Forum
11%
Florida PanthersBankAtlantic Center
5%

Score Distribution

Percentile by Number Answered

Percent of People with Each Score

Your Score History

You have not taken this quiz since the last reset